Movies Quiz

Random Movies Quiz

Did Sandra Bullock Get the Guy? Quiz Stats

 Plays Quiz not verified by Sporcle

Support Sporcle.
Go Orange.
Score 0/14 Timer 03:00
0 Plays Today
Movie (Love Interest) Together? % Correct
Speed (Keanu Reeves)???
90.5%
The Proposal (Ryan Reynolds)???
89.2%
Two Weeks Notice (Hugh Grant)???
85.2%
Hope Floats (Harry Connick, Jr.)???
82.4%
Miss Congeniality (Benjamin Bratt)???
82.4%
Love Potion No. 9 (Tate Donovan)???
77.5%
Speed 2: Cruise Control (Jason Patric)???
71.3%
Movie (Love Interest) Together? % Correct
While You Were Sleeping (Peter Gallagher)???
70.4%
Practical Magic (Aidan Quinn)???
67.6%
The Lake House (Keanu Reeves)???
67.5%
Extremely Loud & Incredibly Close (Tom Hanks)???
66.4%
All About Steve (Bradley Cooper)???
64.2%
Forces of Nature (Ben Affleck)???
59.8%
Divine Secrets of the Ya-Ya Sisterhood (Angus Macfayden)???
55.6%

You're not logged in!

Compare scores with friends on all Sporcle quizzes.
OR
Log In

From the Vault

Countries with Long Names

by PJNev

We're going to go ahead and abbreviate these from now on.
Remove Ads.
Support Sporcle.
Get the best of Sporcle when you Go Orange. This ad-free experience offers more features, more stats, and more fun while also helping to support Sporcle. Thank you for becoming a member.

Show Comments

Extras

Top Quizzes Today


Score Distribution

Your Account Isn't Verified!

In order to create a playlist on Sporcle, you need to verify the email address you used during registration. Go to your Sporcle Settings to finish the process.

Report this User

Report this user for behavior that violates our Community Guidelines.

Details: